00503nam a22001817a 450000500170000001000150001702000260003203500140005803700130007208200110008510000170009624500730011326000480018627000180023430000330025270000160028570000200030120220726130229.0 aENG-133956 a9788194352006c200.00 aEN-117488 bDBAD/PUB a954.58 aRajesh Kumar aMushrooms of Meghalaya/cRajesh Kumar, N.S. Bisht and R.S.C. Jayaraj aAssambRain Forest Research Institutec2020 bAssamaJorhat a184p.c20cm(pbk)bReferences aBisht, N.S. aJayaraj, R.S.C.